| 000 | 00350nam a2200157Ia 4500 | ||
|---|---|---|---|
| 008 | 230312s9999||||xx |||||||||||||| ||und|| | ||
| 020 | _a81-7029-773-7 | ||
| 082 |
_a004.6 _bPER-N |
||
| 100 | _aPerkins Charles | ||
| 245 | 0 | _aNT Workstation | |
| 260 |
_bBPB _aNew Delhi _c1996 |
||
| 300 | _a718 | ||
| 546 | _aEng. | ||
| 650 | _aComputer | ||
| 942 | _cBK | ||
| 999 |
_c3505 _d3505 |
||